000 01158cam a2200313 a 4500
001 12775938
003 20170424113130.0
005 20240606081051.0
008 020515s2003 njua 000 0 eng
010 _a 2002007628
020 _a0130808288 (v. 1)
020 _a0130808334 (v. 2)
040 _aDLC
_cDLC
_dDLC
042 _apcc
050 0 0 _aD20
_b.A87 2003
082 0 0 _a909
_221
245 0 0 _aThe heritage of world civilization :
_b /
260 _aLondon :
_bPrentice Hall,
_cc2003.
300 _a2 v. :
_bill. ;
_c24 cm.
505 0 _av. 1. The ancient world through the early modern era -- v. 2. The early modern era through the contemporary world.
650 0 _aWorld history
_vSources.
650 0 _aReligions
_xHistory
_vSources.
650 0 _aHistory
_xPhilosophy.
700 1 _aRogers, Perry McAdow.
856 4 1 _3Table of contents
_uhttp://www.loc.gov/catdir/toc/fy034/2002007628.html
906 _a7
_bcbc
_corignew
_d1
_eecip
_f20
_gy-gencatlg
942 _2lcc
_cBK
999 _c8234
_d8234